000 00607nam a22002297a 4500
001 27864
003 UA-OsUOA
005 20220701212423.0
007 ta
008 20040915b un ||||| |||| 00| 0 ukr d
040 _aUA-OsUOA
_brus
_cUA-OsUOA
_dUA-OsUOA
041 _arus
044 _aRU
080 _a796
090 _a796
_bС73
245 _aСпорт 1973
_bкалендарь
_cред. Б. Хавин
260 _aМосква
_bИздательство политической литературы
_c1973
300 _bІлюстрації
650 7 _2UDC
942 _cBK
_2udc
955 _a0
999 _c314216
_d314216